| 000 | 00968nac a22002771u 4500 | ||
|---|---|---|---|
| 003 | EG-ScBUE | ||
| 005 | 20211202112210.0 | ||
| 008 | 121118s1993 ua f 000 p ara d | ||
| 017 | _a93 / 5133 | ||
| 020 | _a9771107909 | ||
| 040 |
_aEG-ScBUE _bara _erda _cEG-ScBUE _dEG-ScBUE |
||
| 082 | 0 | 4 |
_a892.715 _bش و ق _222 |
| 100 | 1 |
_aشوقي، أحمد، _d1868-1932، _eمؤلف. _931323 |
|
| 245 | 1 | 2 |
_aالشوقيات / _cلأمير الشعراء أحمد شوقي. |
| 264 | 1 |
_aالقاهرة : _bمكتبة مصر، _c[1993] |
|
| 300 |
_a2 مجلد ؛ _c24 سم |
||
| 336 |
_2rdacontent _aنص _btxt |
||
| 337 |
_2rdamedia _aبدون وسيط _bn |
||
| 338 |
_2rdacarrier _aمجلد _bnc |
||
| 505 | 0 | _aالمجلد الأول -- المجلد الثاني. | |
| 650 | 7 |
_aالشعر العربي _xدواوين وقصائد. _2BUEsh _931324 |
|
| 651 | _2BUEsh | ||
| 653 |
_bARALIT _cDecember2021 |
||
| 655 |
_vReading book _934232 |
||
| 942 |
_cBB _k892.715 ش و ق _2ddc |
||
| 999 |
_c5514 _d5514 |
||